Visual digital culture : surface play and spectacle in new media genres /
A back story. Genealogy and tradition. Shaping tradition. Simulation and hyperrealism. The waning of narrative. The digital image in 'the age of the signifier'. Games and rides. Surface play and spaces of consumption.
Gorde:
| Egile nagusia: | |
|---|---|
| Formatua: | Liburua |
| Hizkuntza: | English |
| Argitaratua: |
London :
Routledge,
2000.
|
| Gaiak: | |
| Etiketak: |
Etiketa erantsi
Etiketarik gabe, Izan zaitez lehena erregistro honi etiketa jartzen!
|
| Thư viện lưu trữ: | Mạng thư viện Đại học Đà Nẵng |
|---|
| LEADER | 01140cam a2200349 i 4500 | ||
|---|---|---|---|
| 001 | 000049633 | ||
| 003 | 9642 | ||
| 005 | 20041027081438.0 | ||
| 008 | 010406b2000 vm 000 eng | ||
| 020 | |a 0415165555 | ||
| 040 | |a IRC |c IRC |d IRC | ||
| 041 | 0 | |a eng | |
| 082 | 1 | 4 | |a 306.46 |b DA-A |
| 100 | 1 | |a Darley, Andrew. | |
| 245 | 1 | 0 | |a Visual digital culture : |b surface play and spectacle in new media genres / |c Andrew Darley. |
| 260 | |a London : |b Routledge, |c 2000. | ||
| 300 | |a x, 225 p. : |b ill. ; |c 23.5 cm. | ||
| 520 | 3 | |a A back story. Genealogy and tradition. Shaping tradition. Simulation and hyperrealism. The waning of narrative. The digital image in 'the age of the signifier'. Games and rides. Surface play and spaces of consumption. | |
| 630 | 0 | 4 | |a Culture. |
| 630 | 0 | 4 | |a Digital techniques. |
| 630 | 0 | 4 | |a Visual communication. |
| 650 | 0 | 4 | |a Visual communication |x Digital techniques. |
| OWN | |a DUT | ||
| 999 | |a From the UDN01 | ||
| TYP | |a Monograph | ||
| TYP | |a Printed language | ||
| 980 | |a Mạng thư viện Đại học Đà Nẵng | ||


